000
00307nam a2200133Ia 4500
008
231129s1983||||xx |||||||||||||| ||spa||
040
_b
spa
082
_a
Co863 J37q
100
_a
Jaramillo Mejia Jose
245
0
_a
Que hay por Ai : Cronicas
260
_c
1983
264
_a
La Patria
942
_2
ddc
_c
BKS
999
_c
23597
_d
23597